| 000 -LEADER |
| fixed length control field |
02317cam a2200337 a 4500 |
| 001 - CONTROL NUMBER |
| control field |
14659138 |
| 003 - CONTROL NUMBER IDENTIFIER |
| control field |
NUST |
| 005 - DATE AND TIME OF LATEST TRANSACTION |
| control field |
20220721131628.0 |
| 008 - FIXED-LENGTH DATA ELEMENTS--GENERAL INFORMATION |
| fixed length control field |
061207s2007 flua b 001 0 eng |
| 010 ## - LIBRARY OF CONGRESS CONTROL NUMBER |
| LC control number |
2006101025 |
| 020 ## - INTERNATIONAL STANDARD BOOK NUMBER |
| International Standard Book Number |
9780849373671 (alk. paper) |
| 020 ## - INTERNATIONAL STANDARD BOOK NUMBER |
| International Standard Book Number |
0849373670 (alk. paper) |
| 035 ## - SYSTEM CONTROL NUMBER |
| System control number |
(OCoLC)ocm76967264 |
| 035 ## - SYSTEM CONTROL NUMBER |
| System control number |
(OCoLC)76967264 |
| 040 ## - CATALOGING SOURCE |
| Original cataloging agency |
DLC |
| Transcribing agency |
DLC |
| Modifying agency |
BAKER |
| -- |
BTCTA |
| -- |
C#P |
| -- |
YDXCP |
| -- |
DLC |
| 050 00 - LIBRARY OF CONGRESS CALL NUMBER |
| Classification number |
TA1632 |
| Item number |
.B55 2007 |
| 082 00 - DEWEY DECIMAL CLASSIFICATION NUMBER |
| Classification number |
621.367, BLI |
| Edition number |
22 |
| 245 00 - TITLE STATEMENT |
| Title |
Blind image deconvolution : |
| Remainder of title |
theory and applications / |
| Statement of responsibility, etc. |
edited by Patrizio Campisi, Karen Egiazarian. |
| 260 ## - PUBLICATION, DISTRIBUTION, ETC. |
| Place of publication, distribution, etc. |
Boca Raton : |
| Name of publisher, distributor, etc. |
CRC Press, |
| Date of publication, distribution, etc. |
c2007. |
| 300 ## - PHYSICAL DESCRIPTION |
| Extent |
448 p. : |
| Other physical details |
ill. (some col.) ; |
| Dimensions |
25 cm. |
| 505 ## - FORMATTED CONTENTS NOTE |
| Formatted contents note |
Blind Image Deconvolution: Problem Formulation and Existing Approaches (Page-1), Blind Image Deconvolution Using Bussgang Techniques: Applications to Image Deblurring and Texture Synthesis (Page-43),Blind Multiframe Image Deconvolution Using Anisotropic Spatially Adaptive Filtering for Denoising and Regularization (Page-95),Bayesian Methods Based on Variational Approximations for Blind Image Deconvolution (Page-141),Deconvolution of Medical Images From Microscopic to Whole Body Images (Page-169),Bayesian Estimation of Blur and Noise in Remote Sensing Imaging (Page-239),Deconvolution and Blind Deconvolution in Astronomy (Page-277),Multiframe Blind Deconvolution Coupled with Frame Registration and Resolution Enhancement (Page-317),Blind Reconstruction of Multiframe Imagery Based on Fusion and Classification (Page-349),Blind Deconvolution and Structured Matrix Computations with Applications to Array Imaging (Page-377). |
| 650 #0 - SUBJECT ADDED ENTRY--TOPICAL TERM |
| Topical term or geographic name entry element |
Digital images |
| General subdivision |
Deconvolution |
| -- |
Mathematics. |
| 9 (RLIN) |
94387 |
| 650 #0 - SUBJECT ADDED ENTRY--TOPICAL TERM |
| Topical term or geographic name entry element |
Spectrum analysis |
| General subdivision |
Deconvolution |
| -- |
Mathematics. |
| 9 (RLIN) |
94388 |
| 700 1# - ADDED ENTRY--PERSONAL NAME |
| Personal name |
Campisi, Patrizio, |
| Dates associated with a name |
1968- |
| 9 (RLIN) |
94389 |
| 700 1# - ADDED ENTRY--PERSONAL NAME |
| Personal name |
Egiazarian, K. |
| Fuller form of name |
(Karen), |
| Dates associated with a name |
1959- |
| 9 (RLIN) |
94390 |
| 856 41 - ELECTRONIC LOCATION AND ACCESS |
| Materials specified |
Table of contents only |
| Uniform Resource Identifier |
<a href="http://www.loc.gov/catdir/toc/ecip076/2006101025.html">http://www.loc.gov/catdir/toc/ecip076/2006101025.html</a> |
| 856 42 - ELECTRONIC LOCATION AND ACCESS |
| Materials specified |
Publisher description |
| Uniform Resource Identifier |
<a href="http://www.loc.gov/catdir/enhancements/fy0740/2006101025-d.html">http://www.loc.gov/catdir/enhancements/fy0740/2006101025-d.html</a> |
| 906 ## - LOCAL DATA ELEMENT F, LDF (RLIN) |
| a |
7 |
| b |
cbc |
| c |
orignew |
| d |
1 |
| e |
ecip |
| f |
20 |
| g |
y-gencatlg |
| 942 ## - ADDED ENTRY ELEMENTS (KOHA) |
| Source of classification or shelving scheme |
|
| Koha item type |
Book |